000 00235nam a22000857a 4500
008 160914b xxu||||| |||| 00| 0 eng d
100 _9445
_aAggarwal. J.C.etal
245 _aSocial Science- 4
260 _aNew Delhi
_bS. Chand Publications
_c2012
999 _c3104
_d3104